Most Recurring People in Quiz Bowl - Statistics

General Stats
  • This quiz has been taken 3 times
  • The average score is 6 of 50
Answer Stats
Hint Answer % Correct
2 Jesus
67%
4 Abraham Lincoln
33%
23 Adolf Hitler
33%
34 Alexander the Great
33%
20 Andrew Jackson
33%
29 Aristotle
33%
21 Bill Clinton
33%
12 Donald Trump
33%
11 George Washington
33%
9 John F. Kennedy
33%
26 Julius Caesar
33%
41 Muhammed
33%
6 Plato
33%
24 Thomas Jefferson
33%
31 Virgin Mary
33%
1 William Shakespeare
33%
40 Woodrow Wilson
33%
16 Albert Einstein
0%
8 Charles Dickens
0%
44 Dante Alighieri
0%
14 Edgar Allan Poe
0%
36 Elizabeth I
0%
18 Ernest Hemingway
0%
5 Franklin D. Roosevelt
0%
49 George Orwell
0%
17 George W. Bush
0%
50 Guiseppe Verdi
0%
30 Harry Truman
0%
28 Henry VII
0%
47 Homer
0%
13 Isaac Newton
0%
43 Jane Austen
0%
25 Johann Sebastian Bach
0%
42 John Keats
0%
45 John Steinbeck
0%
46 Joseph Stalin
0%
22 Mark Twain
0%
27 Michelangelo
0%
3 Napoleon Bonaparte
0%
37 Nathaniel Hawthorne
0%
48 Pablo Picasso
0%
33 Peter Illich Tchaikovsky
0%
7 Richard Nixon
0%
39 Richard Wagner
0%
15 Ronald Reagan
0%
19 Theodore Roosevelt
0%
32 T. S. Elliot
0%
38 Ulysses S. Grant
0%
35 William Faulkner
0%
10 Wolfgang Amadeus Mozart
0%
No matching quizzes found
Score Distribution
Percent of People with Each Score
Percentile by Number Answered
Your Score History
You have not taken this quiz